Рабочая книга PR-менеджера: пер. с англ.

Bibliographic Details
Main Author: Мейтленд Я. Ян
Summary:Исключено из фонда НТБ ТПУ
Language:Russian
Published: СПб., Питер, 2005
Series:Маркетинг для профессионалов
Format: Book
KOHA link:https://koha.lib.tpu.ru/cgi-bin/koha/opac-detail.pl?biblionumber=63802

MARC

LEADER 00000nam0a2200000 4500
001 63802
005 20231031065003.0
010 |a 5947232693 
035 |a (RuTPU)RU\TPU\book\67703 
090 |a 63802 
100 |a 20040520d2005 km y0rusy50 ca 
101 1 |a rus  |c eng 
102 |a RU 
105 |a a z 001zy 
200 1 |a Рабочая книга PR-менеджера  |e пер. с англ.  |f Я. Мейтленд 
210 |a СПб.  |c Питер  |d 2005 
215 |a 167 с.  |c ил. 
225 1 |a Маркетинг для профессионалов 
333 |a Исключено из фонда НТБ ТПУ 
700 1 |a Мейтленд  |b Я.  |g Ян 
801 1 |a RU  |b 63413507  |c 20040520  |g PSBO 
801 2 |a RU  |b 63413507  |c 20220428  |g PSBO 
942 |c BK